00195nam a2200073Ia 4500008004100000100001600041245004500057260001900102170817s9999 xx 000 0 und d aChaube.S.P. 0aEducational Ideais Of The Great In India bNeel Kamal Pub